000 01452nam a2200265Ia 4500
999 _c36879
_d36879
001 2829
003 GE_BSU
005 20190611205835.0
008 181216s2011||||ge |||||||||||||| ||geo||
020 _a9789941103476
040 _cGE_BSU
041 _ageo
080 _a811.353.2 ს–33
100 _aსაღლიანი, მედეა
_92428
245 _aპირისა და რიცხვის გრამატიკული კატეგორია სვანურში = Grammatical category of a person and a number in svan /
_cმედეა საღლიანი ; რედ.: მურმან სუხიშვილი, როენა ჭკადუა ; არნ. ჩიქობავას სახ. ენათმეცნ. ინ-ტი.
264 _aთბილისი :
_bმერიდიანი,
_c2011.
300 _a230 გვ. ;
_b29 სმ.
500 _aფუძეთა და სიტყვა-ფორმათა საძ.: გვ. 187-229.
504 _aბიბლიოგრ.: გვ. 231-233.
546 _aპარალ. თავფურ. და რეზ. ინგლ.
653 _aსვანური ენის გრამატიკა
700 _aსუხიშვილი, მურმან
_eრედაქტორი
_92129
700 _aჭკადუა, როენა
_eრედაქტორი
_92429
942 _cBK
_2udc